| 000 | 00643cab a2200241 4500 | ||
|---|---|---|---|
| 001 | ABS54997 | ||
| 008 | 090401t1995 xxu||||| |||| 00| 0 eng d | ||
| 035 | _a(Sirsi) u13528 | ||
| 041 | _aeng | ||
| 100 | _aMiles, C. | ||
| 245 | _aCharitable trusts owning land | ||
| 260 | _c1995 | ||
| 350 | _a0 | ||
| 490 |
_aLegal Action _v(4) November 1995, 12-15(2) |
||
| 520 | _aOutlines the requirements each charitable organisation who owns land needs to satisfy. | ||
| 650 | _aCHARITABLE TRUSTS | ||
| 650 | _aCHARITIES | ||
| 650 | _aLAND TRUSTS ASSOCIATION | ||
| 650 | _aLANDOWNERS | ||
| 690 | _aLAND | ||
| 942 | _n0 | ||
| 948 | _c04/03/1997 | ||
| 999 |
_c8716 _d8716 |
||